|
|
|
|
| LEADER |
00000nam0a2200000 4500 |
| 001 |
355661 |
| 005 |
20231102010822.0 |
| 035 |
|
|
|a (RuTPU)RU\TPU\retro\12921
|
| 090 |
|
|
|a 355661
|
| 100 |
|
|
|a 20200710d1943 km y0rusy50 ca
|
| 101 |
0 |
|
|a rus
|
| 102 |
|
|
|a RU
|
| 105 |
|
|
|a a z 001zy
|
| 200 |
1 |
|
|a Заточка и доводка резцов с пластинками из твердых сплавов
|e руководство и инструктивные материалы
|f А. А. Панов
|g Государственная союзная центральная научно-исследовательская лаборатория абразивов и шлифования (ЦНИЛАШ) ; под ред. Е. Я. Туника, Г. А. Южакова
|
| 210 |
|
|
|a Москва
|c Машгиз
|d 1943
|
| 215 |
|
|
|a 170 с.
|c ил.
|
| 300 |
|
|
|a Подписано к печати 19/VII 1943 г.
|
| 320 |
|
|
|9 572
|a Библиогр.: с. 165-168
|
| 606 |
1 |
|
|a Резцы с пластинками из твердых сплавов
|x Заточка и доводка
|2 stltpush
|3 (RuTPU)RU\TPU\subj\24744
|9 49038
|
| 610 |
1 |
|
|a коллекция: 1941-1945 гг.
|
| 610 |
1 |
|
|a руководящие материалы
|
| 610 |
1 |
|
|a инструктивные материалы
|
| 610 |
1 |
|
|a заточные станки
|
| 610 |
1 |
|
|a доводочные станки
|
| 610 |
1 |
|
|a требования
|
| 610 |
1 |
|
|a круги
|
| 610 |
1 |
|
|a правка
|
| 610 |
1 |
|
|a скорость
|
| 610 |
1 |
|
|a измерительные инструменты
|
| 610 |
1 |
|
|a конструкции
|
| 675 |
|
|
|a 621.9.025.72
|v 4
|
| 700 |
|
1 |
|a Панов
|b А. А.
|
| 702 |
|
1 |
|a Туник
|b Е. Я.
|4 340
|
| 702 |
|
1 |
|a Южаков
|b Г. А.
|4 340
|
| 712 |
0 |
2 |
|a Государственная союзная центральная научно-исследовательская лаборатория абразивов и шлифования (ЦНИЛАШ)
|2 stltpush
|3 (RuTPU)RU\TPU\col\27528
|
| 801 |
|
1 |
|a RU
|b 63413507
|c 20200710
|
| 801 |
|
2 |
|a RU
|b 63413507
|c 20200715
|g RCR
|
| 942 |
|
|
|c BK
|